Kadra Czech Na Euro 2020 - Statystyki

Ogólne statystyki
  • Ten quiz został rozwiązany 25 razy
  • Średni wynik to 9 z 26
Statystyki odpowiedzi
Hint Odpowiedź % Poprawnych
Napastnik Schick
95%
Bramkarz Vaclik
86%
Obrońca Coufal
76%
Pomocnik Soucek
67%
Pomocnik Kral
57%
Pomocnik Jankto
43%
Pomocnik Darida
38%
Obrońca Kalas
38%
Pomocnik Masopust
38%
Pomocnik Barak
33%
Obrońca Celustka
33%
Napastnik Hlozek
33%
Bramkarz Pavlenka
33%
Napastnik Pekhart
33%
Obrońca Holes
29%
Napastnik Krmencik
29%
Obrońca Boril
24%
Obrońca Kaderabek
19%
Pomocnik Sevcik
19%
Napastnik Vydra
19%
Obrońca Brabec
14%
Obrońca Zima
14%
Bramkarz Mandous
10%
Obrońca Mateju
5%
Pomocnik Pesek
5%
Pomocnik Sadilek
5%
Nie znaleziono quizów pasujących do podanych kryteriów
Rozkład punktacji
Procent ludzi z każdym wynikiem
Percentyl według liczby udzielonych odpowiedzi
Twoja historia wyników
Nie rozwiązałeś tego quizu